शपथ तुझी माझी (Record no. 173631)

MARC details
000 -LEADER
fixed length control field 00512nam a2200169Ia 4500
008 - FIXED-LENGTH DATA ELEMENTS--GENERAL INFORMATION
fixed length control field 090124s9999 xx 000 0 und d
082 ## - DEWEY DECIMAL CLASSIFICATION NUMBER
Item number 127542
100 ## - MAIN ENTRY--PERSONAL NAME
Personal name देशमुख सुधाकर
245 ## - TITLE STATEMENT
Title शपथ तुझी माझी
250 ## - EDITION STATEMENT
Edition statement 1
300 ## - PHYSICAL DESCRIPTION
Extent 98
600 ## - SUBJECT ADDED ENTRY--PERSONAL NAME
Personal name देशमुख सुधाकर
630 ## - SUBJECT ADDED ENTRY--UNIFORM TITLE
Uniform title शपथ तुझी माझी
700 ## - ADDED ENTRY--PERSONAL NAME
Personal name देशमुख सुधाकर
730 ## - ADDED ENTRY--UNIFORM TITLE
Uniform title शपथ तुझी माझी
942 ## - ADDED ENTRY ELEMENTS (KOHA)
Koha item type Book
Holdings
Withdrawn status Lost status Damaged status Not for loan Home library Current library Date acquired Cost, normal purchase price Total Checkouts Full call number Barcode Date last seen Cost, replacement price Price effective from Koha item type
        Marathi Granth Sangrahalaya,Thane Marathi Granth Sangrahalaya,Thane   70.00   127542 THNMGS-127542 01/24/2009 70.00 01/24/2009 Book